Les personnages de Doctor Strange (2016) - #14 - Statistiques

Statistiques générales
  • Ce quiz a été pris 3 fois
  • Le résultat moyen est 8 sur 10
Statistiques - réponses
Réponse % Correct
Christine Palmer
100%
Docteur Strange
100%
Dormammu
100%
Kaecilius
100%
L'Ancien
100%
Wong
100%
Thor
67%
Jonathan Pangborn
33%
Karl Mordo
33%
Nicodemus West
33%
Aucun quiz correspondant
Distribution des résultats
% des personnes avec chaque résultat
Percentile par nombre de réponses
Votre historique - résultats
Vous n’avez pas pris ce quiz